000
00220 a2200097 4500
001
15759
100
_a
245
_a
Wehster's new twentieth century dictionary unahridged
260
_a
_b
Simon
_c
090
_c
12315
_d
12315
942
_a
NUST-CAE
_c
M
_c
2576
999
_c
250832
_d
250832